Personalmanagement in der Praxis Konzepte für die 90er Jahre
Salvato in:
| Altri autori: | , |
|---|---|
| Natura: | Libro |
| Lingua: | tedesco |
| Pubblicazione: |
Wiesbaden
Gabler
1991
|
| Edizione: | 1. Aufl. |
| Soggetti: | |
| Tags: |
Nessun Tag, puoi essere il primo ad aggiungerne!!
|
MARC
| LEADER | 00000nam a2200000 4500 | ||
|---|---|---|---|
| 001 | c006210 | ||
| 005 | 20221206114839.3 | ||
| 020 | |a 3-409-13852-8 | ||
| 041 | 0 | |a ger | |
| 044 | |a DE | ||
| 245 | 1 | 0 | |a Personalmanagement in der Praxis |b Konzepte für die 90er Jahre |c Edit. Walter Maier, Werner Fröhlich |
| 250 | |a 1. Aufl. | ||
| 264 | 1 | |a Wiesbaden |b Gabler |c 1991 | |
| 300 | |a 223 s. | ||
| 610 | 2 | 0 | |a manažment |
| 610 | 2 | 0 | |a manažment personálny |
| 610 | 2 | 0 | |a marketing |
| 610 | 2 | 0 | |a politika sociálna |
| 610 | 2 | 0 | |a rozvoj pracovníkov |
| 610 | 2 | 0 | |a politika personálna |
| 610 | 2 | 0 | |a osobnosť |
| 610 | 2 | 0 | |a odmeňovanie |
| 610 | 2 | 0 | |a poradenstvo |
| 700 | 1 | |a Maier, Walter | |
| 700 | 1 | |a Fröhlich, Werner | |